The noble scholar, jurist, historian


 His Excellency Dr. Abdul Wahhab bin Ibrahim Abu Sulaiman, may Allah have mercy on him.


 He was born in Umm Al-Qura in the year 1356 AH.

هذا كتاب إرشاد الحيارى في تحذير المسلمين من مدارس النصارى / (Record no. 14371)

MARC details
000 -LEADER
fixed length control field 01074cam a22002411i 4500
003 - CONTROL NUMBER IDENTIFIER
control field SA-RiAUC
005 - DATE AND TIME OF LATEST TRANSACTION
control field 20260217140347.0
008 - FIXED-LENGTH DATA ELEMENTS--GENERAL INFORMATION
fixed length control field 260212s1904 ua g 000r0 ara c
040 ## - CATALOGING SOURCE
Original cataloging agency SA-JeALM
Language of cataloging ara
Transcribing agency SA-RiAUC
Description conventions rda
082 04 - DEWEY DECIMAL CLASSIFICATION NUMBER
Classification number 216
090 ## - LOCALLY ASSIGNED LC-TYPE CALL NUMBER (OCLC); LOCAL CALL NUMBER (RLIN)
Classification number (OCLC) (R) ; Classification number, CALL (RLIN) (NR) م ن 216
Local cutter number (OCLC) ; Book number/undivided call number, CALL (RLIN) ن ب هـ
100 1# - MAIN ENTRY--PERSONAL NAME
Personal name النبهاني، يوسف بن إسماعيل بن يوسف،
Dates associated with a name 1265-1350 هجري
Relator term مؤلف.
245 10 - TITLE STATEMENT
Title هذا كتاب إرشاد الحيارى في تحذير المسلمين من مدارس النصارى /
Statement of responsibility, etc. تأليف يوسف بن إسماعيل النبهاني.
246 ## - VARYING FORM OF TITLE
Title proper/short title إرشاد الحيارى في تحذير المسلمين من مدارس النصارى
264 #3 - PRODUCTION, PUBLICATION, DISTRIBUTION, MANUFACTURE, AND COPYRIGHT NOTICE
Place of production, publication, distribution, manufacture القاهرة :
Name of producer, publisher, distributor, manufacturer المطبعة الحميدية المصرية .
Date of production, publication, distribution, manufacture, or copyright notice 1322 هـ
300 ## - PHYSICAL DESCRIPTION
Extent 68 ورقة ؛
Dimensions 29 سم.
336 ## - CONTENT TYPE
Content type term نص
Content type code txt
Source rdacontent
Materials specified كتاب
337 ## - MEDIA TYPE
Media type term بدون وسيط
Media type code n
Source rdamedia
650 #7 - SUBJECT ADDED ENTRY--TOPICAL TERM
Topical term or geographic name entry element الإسلام
General subdivision دفع مطاعن
Source of heading or term aucsh
650 #7 - SUBJECT ADDED ENTRY--TOPICAL TERM
Topical term or geographic name entry element المسيحية
Source of heading or term aucsh
942 ## - ADDED ENTRY ELEMENTS (KOHA)
Source of classification or shelving scheme Dewey Decimal Classification
Koha item type كتاب مصور نادر
Suppress in OPAC No
949 ## - LOCAL PROCESSING INFORMATION (OCLC)
a SA-JeALM
d 260212
u osman123
n 1
Holdings
Withdrawn status Lost status Source of classification or shelving scheme Damaged status Not for loan Home library Current library Date acquired Total checkouts Full call number Barcode Date last seen Price effective from Koha item type
    Dewey Decimal Classification     DR AbdElwahab Library DR AbdElwahab Library 02/17/2026   م ن 216 ن ب هـ 000022788 02/17/2026 02/17/2026 كتاب مصور نادر
    Dewey Decimal Classification     DR AbdElwahab Library DR AbdElwahab Library 03/07/2026   م ن 216 ن ب هـ 000022967 03/07/2026 03/07/2026 كتاب مصور نادر